JHCSC Library Logo Welcome to JHCSC LibraryWhere Every Page Begins a New Adventure.    Vision: A leading public higher education institution serving the ASEAN community through quality, innovative, and culture-sensitive programs.    Mission: To provide relevant and responsive programs in Agriculture, Education, and other fields aligned with its vision. It undertakes applied research, extension, and production services that yield practical and lasting solutions to sector-specific challenges, improving the socio-economic well-being of identified communities.

Panimulang linggwistika sa Pilipino/ (Record no. 8472)

MARC details
000 -LEADER
fixed length control field 00514nam a22001817a 4500
005 - DATE AND TIME OF LATEST TRANSACTION
control field 20240415002642.0
008 - FIXED-LENGTH DATA ELEMENTS--GENERAL INFORMATION
fixed length control field 240415b |||||||| |||| 00| 0 eng d
020 ## - INTERNATIONAL STANDARD BOOK NUMBER
International Standard Book Number 9712301117
040 ## - CATALOGING SOURCE
Transcribing agency JHCSC
082 ## - DEWEY DECIMAL CLASSIFICATION NUMBER
Classification number 499.211
100 ## - MAIN ENTRY--PERSONAL NAME
9 (RLIN) 6180
Personal name Santiago, Alfonso O.
245 ## - TITLE STATEMENT
Title Panimulang linggwistika sa Pilipino/
Statement of responsibility, etc. Alfonso O. Santiago
260 ## - PUBLICATION, DISTRIBUTION, ETC.
Place of publication, distribution, etc. Manila:
Name of publisher, distributor, etc. Rex Book Store,
Date of publication, distribution, etc. c1997.
300 ## - PHYSICAL DESCRIPTION
Extent 178 pages
500 ## - GENERAL NOTE
General note Includes bibliographical references.
650 #0 - SUBJECT ADDED ENTRY--TOPICAL TERM
9 (RLIN) 5616
Topical term or geographic name entry element Linguistics
942 ## - ADDED ENTRY ELEMENTS (KOHA)
Source of classification or shelving scheme Dewey Decimal Classification
Koha item type Book
Holdings
Withdrawn status Lost status Source of classification or shelving scheme Damaged status Not for loan Collection code Home library Current library Shelving location Date acquired Total Checkouts Full call number Barcode Date last seen Copy number Price effective from Koha item type
    Dewey Decimal Classification     Filipiniana JHCSC - Dumingag Campus Library JHCSC - Dumingag Campus Library Agriculture 04/15/2024   499.211 Sa235 1995 10977d 04/15/2024 1 04/15/2024 Book
    Dewey Decimal Classification     Filipiniana JHCSC - Dumingag Campus Library JHCSC - Dumingag Campus Library Agriculture 04/15/2024   499.211 Sa235 1995 10976d 04/15/2024 2 04/15/2024 Book
© J.H. Cerilles State College | All Rights Reserved
Designed by Terhevic L. Bation & Gerald Biad, Library IT Staff